<?xml version="1.0" encoding="UTF-8"?>
<record
    xmlns:xsi="http://www.w3.org/2001/XMLSchema-instance"
    xsi:schemaLocation="http://www.loc.gov/MARC21/slim http://www.loc.gov/standards/marcxml/schema/MARC21slim.xsd"
    xmlns="http://www.loc.gov/MARC21/slim">

  <leader>00502nam a2200169Ia 4500</leader>
  <controlfield tag="008">230718s9999    xx            000 0 und d</controlfield>
  <datafield tag="020" ind1=" " ind2=" ">
    <subfield code="a">9781482215809</subfield>
  </datafield>
  <datafield tag="041" ind1=" " ind2=" ">
    <subfield code="a">eng</subfield>
  </datafield>
  <datafield tag="082" ind1=" " ind2=" ">
    <subfield code="a">006.7'8</subfield>
    <subfield code="b">BAI</subfield>
  </datafield>
  <datafield tag="100" ind1=" " ind2=" ">
    <subfield code="a">Bai H.</subfield>
    <subfield code="9">197740</subfield>
  </datafield>
  <datafield tag="245" ind1=" " ind2=" ">
    <subfield code="a">Zen Of Cloud</subfield>
    <subfield code="b">Learning Cloud Computing By Examples On Microsoft Azure</subfield>
  </datafield>
  <datafield tag="260" ind1=" " ind2=" ">
    <subfield code="c">2014</subfield>
    <subfield code="b">CRC Press</subfield>
  </datafield>
  <datafield tag="300" ind1=" " ind2=" ">
    <subfield code="a">493</subfield>
    <subfield code="d">Ref 105 IT (51270)</subfield>
  </datafield>
  <datafield tag="365" ind1=" " ind2=" ">
    <subfield code="c">Rs.</subfield>
    <subfield code="b">4086.00</subfield>
  </datafield>
  <datafield tag="700" ind1=" " ind2=" ">
    <subfield code="a">Bai H.</subfield>
    <subfield code="9">197740</subfield>
  </datafield>
  <datafield tag="906" ind1=" " ind2=" ">
    <subfield code="d">O:0457013-Aug-2015B:198907-Aug-2015</subfield>
    <subfield code="c">IT</subfield>
    <subfield code="b">1021.5</subfield>
  </datafield>
  <datafield tag="999" ind1=" " ind2=" ">
    <subfield code="c">340063</subfield>
    <subfield code="d">340063</subfield>
  </datafield>
  <datafield tag="952" ind1=" " ind2=" ">
    <subfield code="0">0</subfield>
    <subfield code="1">0</subfield>
    <subfield code="2">ddc</subfield>
    <subfield code="3">Ref 105 IT (51270)</subfield>
    <subfield code="4">0</subfield>
    <subfield code="7">3</subfield>
    <subfield code="a">CCEP</subfield>
    <subfield code="b">CCEP</subfield>
    <subfield code="d">2015-08-13</subfield>
    <subfield code="e">Vaibhav Book House</subfield>
    <subfield code="f">IT</subfield>
    <subfield code="g">3064.50</subfield>
    <subfield code="i">1989</subfield>
    <subfield code="o">006.7'8</subfield>
    <subfield code="p">CCEP-BK-51270</subfield>
    <subfield code="r">2023-07-18 00:00:00</subfield>
    <subfield code="t">1021.5</subfield>
    <subfield code="v">4086.00</subfield>
    <subfield code="w">2015-08-07</subfield>
    <subfield code="y">BK</subfield>
    <subfield code="z">051270</subfield>
  </datafield>
</record>
